Responses for Show #8813 - Wednesday, February 22, 2023

2023 High School Reunion Tournament quarterfinal game 3.

Contestants

[<< previous game]

Sreekar Madabushi, a junior at the Georgia Institute of Technology from Basking Ridge, New Jersey

Autumn Shelton, a junior at Princeton University from Lamar, Missouri

Stephanie Pierson, a junior at the University of North Carolina-Chapel Hill from Macon, Georgia

[next game >>]

Jeopardy! Round responses

EUROPEAN CITIES
WHO PLAYED 'EM?
HAVE A NOSH
SCIENCE CRITTERS
WELCOME BACK!
IT'S GREAT TO "CU"
    $200 1
[Sreekar picked first.]

The Hague

Sreekar
    $200 7
(Benedict) Cumberbatch

Autumn
    $200 17
Cheetos

Stephanie
    $200 22
(Sreekar: What is an elephant?)
(Stephanie: What is a mole?)
...
(Mayim: That's it, as in [*]power.)

a horse

StephanieAutumnSreekar
    $200 12
Disneyland

Stephanie
    $200 26
(Autumn: What is Pie?)

Cushion

StephanieAutumn
    $400 2
Seville

Autumn
    $400 10
(Adam) Driver

Autumn
    $400 18
apples

Stephanie
    $400 27
an octopus

Autumn
    $400 13
a round trip

Sreekar
    $400 25
cum laude

Stephanie
    $600 4
Munich

Sreekar
    $600 8
McKellen

Autumn
    $600 19
nachos

Sreekar
    $600 28
fruit flies

Sreekar
    $600 15
(John) Travolta

Autumn
    $600 21
(Mayim: That's right, just makes me laugh every time I see it.)

curling

Autumn
    $800 5
Turin

Sreekar
    $800 3
Vin Diesel

Sreekar
    $800 16
(Mayim: Yum, yes.)

pretzels

Stephanie
    $3,000 29
(Sreekar: Ah, I should have risked more. Who's [*]?)
(Mayim: That's correct; maybe you should have.)
[Applause]

Pavlov

Sreekar
    $800 11
Lewis & Clark

Stephanie
    $800 23
a cul-de-sac

Sreekar
    $1000 6
the Vistula

Sreekar
    $1000 9
Tom Cruise

Sreekar
    $1000 20
macadamia nuts

Autumn
    $1000 30
Schrödinger

Stephanie
    $1000 14
(Stephanie: Um, who is, uh, Lyndon B. Johnson?)

Nixon

StephanieSreekar
    $1000 24
cuneiform

Sreekar

Scores at the first commercial break (after clue 15):

Stephanie Autumn Sreekar
$0 $2,200 $5,800

Scores at the end of the Jeopardy! Round:

Stephanie Autumn Sreekar
$2,800 $4,200 $11,600

Double Jeopardy! Round responses

COLLEGES & UNIVERSITIES
TRAVEL FACTS
THE PRESIDENTIAL VICTOR
TV SWITCHEROO
LITERARY MOVEMENTS
A JOLLY RHYME
(Mayim: Each response rhymes with "jolly".)
    $400 5
USC

Autumn
    $400 9
time zones

Sreekar
    $400 20
LBJ (Lyndon B. Johnson)

Sreekar
    $400 30
(Sreekar: What is NBC?)
(Autumn: What is CBS?)
(Stephanie: What is Fox?)

ESPN

StephanieAutumnSreekar
Triple Stumper
    $400 24
the Beat movement

Sreekar
    $400 25
a (Loop) trolley

Autumn
    $800 3
Purdue

Sreekar
    $800 13
the franc

Triple Stumper
    $800 14
(Stephen A.) Douglas

Stephanie
    $800 28
Jim (Halpert)

Sreekar
    $5,200 15
the Lost Generation

Stephanie
    $800 16
folly

Triple Stumper
    $1200 1
(Mayim: That's right, Lee Berk.)

Berklee

Sreekar
    $7,000 12
the Sistine Chapel

Sreekar
    $1200 6
Benjamin Harrison

Autumn
    $1200 29
Meg

Triple Stumper
    $1200 21
the Black Arts Movement

Triple Stumper
    $1200 17
Raleigh

Stephanie
    $1600 2
Bowdoin

Stephanie
    $1600 11
Sri Lanka

Sreekar
    $1600 7
(Autumn: Who is Woodrow Wilson?)

Franklin D. Roosevelt

Autumn
Triple Stumper
    $1600 27
(Sreekar: Who is Paul Bettany?)

Quicksilver

StephanieSreekar
    $1600 22
Coleridge

Sreekar
    $1600 18
melancholy

Stephanie
    $2000 4
Harvey Mudd

Sreekar
    $2000 10
(Stephanie: What is the Mayan Peninsula?)

the Mayan Riviera

Stephanie
Triple Stumper
    $2000 8
Rutherford B. Hayes

Stephanie
    $2000 26
The Walking Dead

Triple Stumper
    $2000 23
cavaliers

Triple Stumper
    $2000 19
a dolly

Triple Stumper

Scores at the end of the Double Jeopardy! Round:

Stephanie Autumn Sreekar
$14,400 $4,200 $25,800

[wagering suggestions for these scores]

Final Jeopardy! Round responses

PEOPLE & PLACES
(Mayim: [To Stephanie] Arriving in [*] 3,500 years ago, Chamorro is also one of [*]'s official languages.)
AutumnWhat are the U.S. Virgin Islands?
$200
StephanieWhat is Guam?
$8,401
SreekarWhat is American Samoa?
$3,001
Guam

Final scores:

Stephanie Autumn Sreekar
$22,801 $4,000 $22,799
Winner: semifinalist 3rd place: $5,000 2nd place: $5,000

Game dynamics:

Coryat scores:

Stephanie Autumn Sreekar
$10,000 $4,200 $17,800
15 R
(including 1 DD),
4 W
12 R,
3 W
23 R
(including 2 DDs),
3 W

Combined Coryat: $32,000

[game clues] [game scores] [suggest correction]

Game tape date: 2023-01-29
The J! Archive is created by fans, for fans. Scraping, republication, monetization, and malicious use prohibited; this site may use cookies and collect identifying information. See terms. The Jeopardy! game show and all elements thereof, including but not limited to copyright and trademark thereto, are the property of Jeopardy Productions, Inc. and are protected under law. This website is not affiliated with, sponsored by, or operated by Jeopardy Productions, Inc. Join the discussion at JBoard.tv.